Introduction à la théologie systématique.

Kaydedildi:
Detaylı Bibliyografya
Diğer Yazarlar: Birmelé, André (Tönetmen), Bühler, Pierre (Tönetmen), Causse, Jean-Daniel (Tönetmen), Kaennel, Lucie (directora)
Materyal Türü: Bilinmiyor
Baskı/Yayın Bilgisi: Paris, France: Éditions Labor et Fides, 2008.
Seri Bilgileri:Lieux Théologiques,
Konular:
Etiketler: Etiketle
Etiket eklenmemiş, İlk siz ekleyin!

MARC

LEADER 00000 a2200000 4500
003 CL-VaPUC
005 20230119161303.0
008 230116t2008 ||||| |||| 00| 0 eng d
999 |c 439205  |d 439203 
020 |a 9782830912685 
040 |c Pontificia Universidad Católica de Valparaíso 
082 7 |a 230 BIR 2008  |2 22 
100 |a Birmelé, André  |9 877926  |e director 
245 1 |a Introduction à la théologie systématique.  
260 |a Paris, France:  |b Éditions Labor et Fides,   |c 2008. 
300 |a 622 páginas.  
490 |a Lieux Théologiques,   |n  39. 
583 |k GC  |c 20230116 
650 0 |a Teología dogmática   |9 313198 
650 0 |a Teología   |9 258766  |x Doctrina 
700 |a Bühler, Pierre  |e director  |9 879902 
700 |a Causse, Jean-Daniel  |e director  |9 879903 
700 |a Kaennel, Lucie   |e directora  |9 879904 
942 |2 ddc  |c BK 
952 |0 0  |1 0  |2 ddc  |4 0  |6 230_000000000000000_BIR_2008  |7 0  |8 A  |9 588365  |a BIBTEO  |b BIBTEO  |c GEN  |d 2022-12-19  |e 1  |g 42459.00  |i 5656153  |o 230 BIR 2008  |p 5656153  |r 2025-01-17  |t 1  |v 42459.00  |w 2022-12-19  |y BK  |k ICR